LEADER 00820nam a2200241 i 4500 001 991001589209707536 005 20020503123329.0 008 010926s1972 it ||| | ita 035 $ab1024296x-39ule_inst 035 $aLE01280765$9ExL 040 $aDip.to Lingue$bita 100 1 $aMalamud, Bernard$0132288 245 14$aGli inquilini /$cBernard Malamud ; traduzione di Floriana Bossi 260 $aTorino :$bEinaudi,$cc1972 300 $a211 p. ;$c22 cm. 700 1 $aBossi, Floriana 740 4 $aThe tenants 907 $a.b1024296x$b21-09-06$c27-06-02 912 $a991001589209707536 945 $aLE012 818.54 MAL 11$g1$i2012000028135$lle012$o-$pE0.00$q-$rl$s- $t0$u1$v0$w1$x0$y.i10292925$z27-06-02 996 $aInquilini$9206661 997 $aUNISALENTO 998 $ale012$b01-01-01$cm$da $e-$fita$git $h4$i1 LEADER 01242nas 2200409-a 450 001 996321105003316 005 20240112213020.0 035 $a(DE-599)ZDB2606445-5 035 $a(OCoLC)780065892 035 $a(CKB)2650000000000048 035 $a(CONSER)--2012247508 035 $a(EXLCZ)992650000000000048 100 $a20110209a20109999 --- - 101 0 $aeng 135 $aur||||||||||| 181 $ctxt$2rdacontent 182 $cc$2rdamedia 183 $acr$2rdacarrier 200 00$aJournal of computational geometry 210 $a[Ottawa, Ontario, Canada] $c[Carleton University, Computational Geometry Lab] 215 $a1 online resource 311 $a1920-180X 517 3 $aJoCG 606 $aGeometry$xData processing$vPeriodicals 606 $aComputational Mathematics$2ebps 606 $aGeometry$2ebps 606 $aGeometry$xData processing$2fast$3(OCoLC)fst00940870 608 $aPeriodicals.$2fast 610 $aGeometry 615 0$aGeometry$xData processing 615 7$aComputational Mathematics. 615 7$aGeometry. 615 7$aGeometry$xData processing. 906 $aJOURNAL 912 $a996321105003316 996 $aJournal of computational geometry$92166756 997 $aUNISA